[Event "7th Banja Luka it"]
[Site "Banja Luka YUG"]
[Date "1987.04.19"]
[Round "8"]
[White "Mihaljcisin, Mihajlo"]
[Black "Wiedenkeller, Michael"]
[Result "1/2-1/2"]
[WhiteElo "2280"]
[BlackElo "2460"]
[EventDate "1987.04.11"]
[PlyCount "102"]

1.e4 e5 2.Nf3 Nc6 3.Bb5 a6 4.Ba4 Nf6 5.O-O Be7 6.Re1 b5 7.Bb3 O-O 8.a4 b4 
9.d3 d6 10.c3 Rb8 11.Nbd2 Na5 12.Bc2 c5 13.h3 Be6 14.Ng5 b3 15.Bb1 Bd7 16.
Nf1 g6 17.Ng3 Ne8 18.Nf3 Bf6 19.d4 c4 20.Be3 Qc7 21.Nh2 Bg7 22.f4 exd4 23.
Bxd4 Bxd4+ 24.Qxd4 Qb6 25.Nf3 Ng7 26.e5 dxe5 27.Qxb6 Rxb6 28.fxe5 f5 29.
exf6 Rfxf6 30.Be4 Rfd6 31.Rad1 Kf8 32.Bd5 Be6 33.Bxe6 Nxe6 34.Ne5 Ke7 35.
Ne4 Rxd1 36.Rxd1 Nf4 37.g3 Nd3 38.Nxd3 cxd3 39.Nc5 Nc4 40.Re1+ Kf7 41.Nxd3
Rd6 42.Rd1 Rd5 43.Kf2 Ra5 44.Ra1 Kf6 45.Ke2 Kg5 46.Kf3 Kf5 47.Nc1 Nxb2 48.
Nxb3 Rxa4 49.Nd4+ Kf6 50.Rb1 Nc4 51.Rb4 Rxb4 1/2-1/2

[Event "7th Banja Luka it"]
[Site "Banja Luka YUG"]
[Date "1987.04.19"]
[Round "8"]
[White "Matulovic, Milan"]
[Black "Dzevlan, Miralem"]
[Result "1-0"]
[WhiteElo "2485"]
[BlackElo "2330"]
[EventDate "1987.04.11"]
[PlyCount "129"]

1.e4 c5 2.Nf3 e6 3.d4 cxd4 4.Nxd4 Nc6 5.Nb5 d6 6.c4 Nf6 7.N1c3 Be7 8.Bf4 
e5 9.Bg5 a6 10.Bxf6 gxf6 11.Na3 f5 12.exf5 Bxf5 13.Bd3 Bg6 14.Bxg6 hxg6 
15.Nc2 Rc8 16.Nd5 Rh4 17.Nce3 Qa5+ 18.Kf1 b5 19.cxb5 Qxb5+ 20.Qe2 Rd4 21.
Qxb5 axb5 22.Ke2 Bd8 23.Rac1 Kd7 24.Nc3 Rb8 25.Nc2 b4 26.Nd1 Rh4 27.h3 f5 
28.Nce3 Nd4+ 29.Kf1 g5 30.Nc2 Ke6 31.Nxd4+ Rxd4 32.Ke2 Bb6 33.Ne3 Bc5 34.
b3 Ra8 35.Rc2 Rh4 36.Rd1 Rh7 37.Nd5 Rha7 38.Rdd2 e4 39.f3 Ke5 40.fxe4 fxe4
41.Ne3 Bxe3 42.Kxe3 d5 43.Rc5 Rd7 44.Rb5 Rc8 45.Rxb4 Rc3+ 46.Ke2 d4 47.Rb8
Rc1 48.Re8+ Kd5 49.Rg8 e3 50.Rxg5+ Ke4 51.Rg4+ Ke5 52.Rd3 Rc2+ 53.Ke1 Rxa2
54.h4 Rf2 55.Rgxd4 Rdf7 56.Rg4 Kf5 57.Rg3 Ra7 58.Rdxe3 Rb2 59.Rgf3+ Kg4 
60.Re4+ Kh5 61.Kf1 Ra1+ 62.Re1 Rxe1+ 63.Kxe1 Rxg2 64.Rf4 Rb2 65.b4 1-0

[Event "7th Banja Luka it"]
[Site "Banja Luka YUG"]
[Date "1987.04.19"]
[Round "8"]
[White "Veroci-Petronic, Zsuzsa"]
[Black "Raicevic, Vladimir"]
[Result "1/2-1/2"]
[WhiteElo "2415"]
[BlackElo "2455"]
[EventDate "1987.04.11"]
[PlyCount "49"]

1.e4 e6 2.d4 d5 3.Nc3 Bb4 4.exd5 exd5 5.Bd3 Nc6 6.Ne2 Nge7 7.O-O O-O 8.a3 
Bxc3 9.bxc3 Bf5 10.Ng3 Bg6 11.Qf3 Qd7 12.a4 Na5 13.Bf4 Rfe8 14.Rfe1 c6 15.
Rab1 Rad8 16.h4 Bxd3 17.cxd3 Ng6 18.h5 Nh4 19.Rxe8+ Rxe8 20.Qd1 f6 21.Qd2 
b6 22.Re1 Rxe1+ 23.Qxe1 Kf7 24.Qe3 Nb3 25.Bb8 1/2-1/2

[Event "7th Banja Luka it"]
[Site "Banja Luka YUG"]
[Date "1987.04.21"]
[Round "9"]
[White "Raicevic, Vladimir"]
[Black "Skembris, Spyridon"]
[Result "0-1"]
[WhiteElo "2455"]
[BlackElo "2400"]
[EventDate "1987.04.11"]
[PlyCount "104"]

1.d4 d5 2.c4 c6 3.Nc3 Nf6 4.e3 g6 5.Nf3 Bg7 6.h3 O-O 7.Bd3 c5 8.O-O cxd4 
9.exd4 dxc4 10.Bxc4 a6 11.a4 Nbd7 12.Ne5 Qc7 13.Qe2 Nb6 14.Bb3 Qd6 15.a5 
Nbd5 16.Bg5 Be6 17.Nc4 Nxc3 18.bxc3 Qc7 19.Rfc1 Rac8 20.Nd2 Bxb3 21.Nxb3 
Rfe8 22.Qf3 Nd7 23.Ra4 e5 24.Qd5 b5 25.Ra2 h6 26.Bh4 Qc6 27.Qxc6 Rxc6 28.
Rac2 Rec8 29.d5 R6c7 30.Be7 Bf8 31.d6 Rc6 32.Nd2 f6 33.c4 Bxe7 34.dxe7 Kf7
35.c5 Kxe7 36.Nb3 Nf8 37.f4 exf4 38.Nd4 R6c7 39.Re1+ Kf7 40.c6 Rd8 41.Re4 
Rd6 42.Rce2 f5 43.Rxf4 Ne6 44.Nxe6 Rxe6 45.Ref2 Rcxc6 46.g4 Re3 47.h4 Rc4 
48.gxf5 Rxf4 49.fxg6+ Kxg6 50.Rxf4 Ra3 51.Rd4 Rxa5 52.Kf2 Kh5 0-1

[Event "7th Banja Luka it"]
[Site "Banja Luka YUG"]
[Date "1987.04.21"]
[Round "9"]
[White "Dzevlan, Miralem"]
[Black "Filipovic, Branko"]
[Result "1/2-1/2"]
[WhiteElo "2330"]
[BlackElo "2415"]
[EventDate "1987.04.11"]
[PlyCount "21"]

1.e4 e6 2.d4 d5 3.Nd2 Nf6 4.Bd3 c5 5.e5 Nfd7 6.c3 Nc6 7.Ne2 cxd4 8.cxd4 f6
9.exf6 Nxf6 10.O-O Qc7 11.Nc3 1/2-1/2

[Event "7th Banja Luka it"]
[Site "Banja Luka YUG"]
[Date "1987.04.21"]
[Round "9"]
[White "Gavric, Miladin"]
[Black "Mihaljcisin, Mihajlo"]
[Result "1/2-1/2"]
[WhiteElo "2320"]
[BlackElo "2280"]
[EventDate "1987.04.11"]
[PlyCount "97"]

1.d4 d5 2.c4 e6 3.Nf3 c5 4.cxd5 exd5 5.g3 Nc6 6.Bg2 Nf6 7.O-O Be7 8.Nc3 
O-O 9.Bg5 cxd4 10.Nxd4 h6 11.Be3 Re8 12.Rc1 Bf8 13.Nxc6 bxc6 14.Na4 Bd7 
15.Bc5 Ne4 16.Bxf8 Kxf8 17.Qd4 Kg8 18.e3 Qa5 19.b3 Rac8 20.Rc2 Bf5 21.Rfc1
Ng5 22.Rc5 Qa6 23.Qd1 Nh3+ 24.Bxh3 Bxh3 25.Qh5 Be6 26.R5c2 Qd3 27.Nc5 Qf5 
28.Qxf5 Bxf5 29.Rd2 Kf8 30.Rd4 Rc7 31.Kg2 Ke7 32.f3 g5 33.Kf2 Bc8 34.e4 
dxe4 35.Nxe4 Be6 36.Nc5 Bd5 37.Nd3 Be6 38.f4 Rd8 39.Rxd8 Kxd8 40.Ne5 Bd5 
41.Ng4 gxf4 42.gxf4 f5 43.Ne3 Be4 44.Rg1 Rd7 45.Rd1 Rxd1 46.Nxd1 c5 47.Nc3
Bc6 48.Ke3 Kc7 49.Kd3 1/2-1/2

[Event "7th Banja Luka it"]
[Site "Banja Luka YUG"]
[Date "1987.04.22"]
[Round "10"]
[White "Mihaljcisin, Mihajlo"]
[Black "Sibarevic, Milenko"]
[Result "0-1"]
[WhiteElo "2280"]
[BlackElo "2405"]
[EventDate "1987.04.11"]
[PlyCount "110"]

1.e4 c5 2.Nf3 d6 3.d4 cxd4 4.Nxd4 Nf6 5.Nc3 e6 6.Be3 a6 7.Qd2 b5 8.f3 Bb7 
9.g4 h6 10.O-O-O Nbd7 11.Bd3 b4 12.Nce2 d5 13.exd5 Nxd5 14.Rhe1 Qa5 15.Kb1
O-O-O 16.Bf2 Nc5 17.Nb3 Qc7 18.Rc1 Kb8 19.Nxc5 Bxc5 20.Bxc5 Qxc5 21.Ng3 
Rd7 22.Ne4 Qb6 23.c4 bxc3 24.Nxc3 Nb4 25.Qf4+ Qd6 26.Qxd6+ Rxd6 27.Be4 Nd3
28.Red1 Rhd8 29.Rc2 Ne5 30.Rxd6 Rxd6 31.Rf2 Bxe4+ 32.Nxe4 Rd3 33.Nd2 Re3 
34.h4 Kc7 35.Kc2 Nd3 36.Nc4 Rxf3 37.Re2 Nb4+ 38.Kd2 Rf4 39.Ne5 Nxa2 40.Re3
a5 41.Ra3 Nb4 42.Rxa5 f6 43.Ng6 Rxg4 44.Ra7+ Kd6 45.Rxg7 h5 46.Rb7 Nd5 47.
Nh8 Rxh4 48.Nf7+ Kc5 49.Nd8 e5 50.Ne6+ Kd6 51.Ng7 Kc6 52.Rf7 Rh2+ 53.Ke1 
e4 54.Ne8 e3 55.b4 Rf2 0-1

[Event "7th Banja Luka it"]
[Site "Banja Luka YUG"]
[Date "1987.04.22"]
[Round "10"]
[White "Matulovic, Milan"]
[Black "Gavric, Miladin"]
[Result "1-0"]
[WhiteElo "2485"]
[BlackElo "2320"]
[EventDate "1987.04.11"]
[PlyCount "99"]

1.e4 e6 2.d4 d5 3.Nd2 Nf6 4.e5 Nfd7 5.c3 c5 6.Bd3 Nc6 7.Ne2 cxd4 8.cxd4 f6
9.exf6 Nxf6 10.O-O Bd6 11.Nf3 Qc7 12.Nc3 a6 13.Bg5 O-O 14.Bh4 Nh5 15.Rc1 
g6 16.Na4 Bf4 17.Rc3 Bd7 18.Re1 Rae8 19.Bf1 Bh6 20.Ne5 Bg7 21.Be2 Nf6 22.
Bf3 Qd6 23.Nc5 Bc8 24.Bg3 Qd8 25.Nxb7 Bxb7 26.Nxc6 Qb6 27.Ne5 Ne4 28.Bxe4 
dxe4 29.Nd7 Qxd4 30.Qxd4 Bxd4 31.Rc4 Bxb2 32.Nxf8 Rxf8 33.Rb1 Bd5 34.Ra4 
Rc8 35.Rxa6 e3 36.fxe3 Rc2 37.Bf2 Be5 38.e4 Bxa2 39.Ra8+ Kg7 40.Rb7+ Kh6 
41.Be3+ g5 42.Rg8 Bf4 43.Bxf4 gxf4 44.Rf8 Rc1+ 45.Kf2 e5 46.Rf6+ Kg5 47.
Rf5+ Kg6 48.Rb6+ Kg7 49.Rg5+ Kf7 50.Rxe5 1-0

[Event "7th Banja Luka it"]
[Site "Banja Luka YUG"]
[Date "1987.04.22"]
[Round "10"]
[White "Filipovic, Branko"]
[Black "Wiedenkeller, Michael"]
[Result "1/2-1/2"]
[WhiteElo "2415"]
[BlackElo "2460"]
[EventDate "1987.04.11"]
[PlyCount "130"]

1.e4 e6 2.d4 d5 3.Nd2 Nf6 4.e5 Nfd7 5.c3 c5 6.Bd3 Nc6 7.Ne2 Qb6 8.O-O cxd4
9.cxd4 Nxd4 10.Nxd4 Qxd4 11.Nf3 Qb6 12.Qa4 Qb4 13.Qc2 Qc5 14.Qe2 Qb6 15.
Rb1 a5 16.Be3 Bc5 17.Bxc5 Nxc5 18.Qe3 Qa7 19.Rbc1 b6 20.Bb1 Qe7 21.Nd4 O-O
22.Rc3 f5 23.Rfc1 Bd7 24.f4 Rfc8 25.Qd2 Na4 26.Rxc8+ Rxc8 27.Rxc8+ Bxc8 
28.Qc2 Nc5 29.Qc3 Ba6 30.g3 h6 31.Kg2 g5 32.b3 Kf7 33.a3 gxf4 34.gxf4 Qh4 
35.Qg3 Qh5 36.Bc2 Ne4 37.Bxe4 dxe4 38.h3 Qd1 39.Qc3 Qf1+ 40.Kg3 Qd3+ 41.
Qxd3 exd3 42.Nf3 Ke7 43.Kf2 Kd7 44.Ke3 Kc6 45.Kd4 Kb5 46.Nd2 Bb7 47.Kxd3 
Kc5 48.h4 Ba6+ 49.Ke3 Bb7 50.Kd3 b5 51.b4+ axb4 52.Nb3+ Kd5 53.axb4 Bc6 
54.Nd2 Be8 55.Nf1 Bh5 56.Ne3+ Kc6 57.Kd4 Be2 58.Nc2 Bd1 59.Na3 Bh5 60.Nb1 
Bg4 61.Nc3 Bh5 62.Na2 Bd1 63.Nc1 Bc2 64.Kc3 Bd1 65.Kd4 Bc2 1/2-1/2

[Event "7th Banja Luka it"]
[Site "Banja Luka YUG"]
[Date "1987.04.23"]
[Round "11"]
[White "Dzevlan, Miralem"]
[Black "Raicevic, Vladimir"]
[Result "0-1"]
[WhiteElo "2330"]
[BlackElo "2455"]
[EventDate "1987.04.11"]
[PlyCount "78"]

1.e4 e6 2.d4 d5 3.Nd2 c5 4.exd5 exd5 5.Ngf3 Nc6 6.Bb5 Qe7+ 7.Be2 c4 8.O-O 
Be6 9.b3 b5 10.a4 Qf6 11.Bb2 Bb4 12.c3 Bxc3 13.Bxc3 b4 14.Bxb4 Nxb4 15.
bxc4 Ne7 16.cxd5 Bxd5 17.Qb1 Nbc6 18.Ne4 Qg6 19.Nc3 Nxd4 20.Bb5+ Bc6 21.
Qxg6 Nxf3+ 22.gxf3 hxg6 23.Rfe1 Kf8 24.Rad1 Rh5 25.Rd6 Bxf3 26.Rd7 Nc6 27.
Re3 Ne5 28.Rc7 a6 29.Be2 Bxe2 30.Nxe2 Rd8 31.Ng3 Ng4 32.Re1 Rhd5 33.Ree7 
Ne5 34.Ra7 a5 35.Kg2 Nd7 36.Re3 Ne5 37.f4 Rd2+ 38.Kh3 Rxh2+ 39.Kxh2 Ng4+ 
0-1

[Event "7th Banja Luka it"]
[Site "Banja Luka YUG"]
[Date "1987.04.23"]
[Round "11"]
[White "Wiedenkeller, Michael"]
[Black "Veroci-Petronic, Zsuzsa"]
[Result "1-0"]
[WhiteElo "2460"]
[BlackElo "2415"]
[EventDate "1987.04.11"]
[PlyCount "95"]

1.d4 Nf6 2.c4 g6 3.Nc3 Bg7 4.e4 d6 5.f3 O-O 6.Be3 Nc6 7.Nge2 a6 8.Qd2 Rb8 
9.Nc1 e5 10.d5 Nd4 11.N1e2 Nxe2 12.Bxe2 Nh5 13.O-O-O f5 14.c5 Nf4 15.Bf1 
Qe7 16.cxd6 cxd6 17.g3 Nh5 18.Bb6 Bd7 19.Be2 Nf6 20.Kb1 Rbc8 21.Ka1 fxe4 
22.Nxe4 Bf5 23.Qb4 Nxe4 24.fxe4 Bh3 25.Rhg1 Rc2 26.Rd2 Rfc8 27.Kb1 Rxd2 
28.Qxd2 Bd7 29.a3 Qf8 30.Be3 Qe7 31.Qb4 Bh3 32.g4 Rf8 33.Qe1 Rf4 34.Qg3 
Rxe4 35.Qxh3 Qf7 36.Bd3 Ra4 37.Rc1 Qd7 38.Rc4 Rxc4 39.Bxc4 Qa4 40.Qf1 b5 
41.Bd3 Qb3 42.Bc1 Qxd5 43.Bc2 Qd4 44.Qd1 Qxd1 45.Bxd1 Kf7 46.Bb3+ Kf6 47.
Bd5 h5 48.h3 1-0

[Event "7th Banja Luka it"]
[Site "Banja Luka YUG"]
[Date "1987.04.23"]
[Round "11"]
[White "Gavric, Miladin"]
[Black "Filipovic, Branko"]
[Result "1-0"]
[WhiteElo "2320"]
[BlackElo "2415"]
[EventDate "1987.04.11"]
[PlyCount "95"]

1.e4 e6 2.d4 d5 3.Nc3 Nc6 4.Nf3 Nf6 5.Bg5 Bb4 6.Bd3 dxe4 7.Bxe4 Ne7 8.Bxf6
gxf6 9.O-O Bxc3 10.bxc3 f5 11.Bd3 Ng6 12.Re1 Kf8 13.Qd2 Kg7 14.c4 c6 15.a4
a5 16.Rab1 h6 17.c5 Kh7 18.Rb3 Rg8 19.Bf1 Qf6 20.Ne5 Nxe5 21.Rxe5 Rd8 22.
Rh3 Bd7 23.Ree3 Rg8 24.Rb3 Ra7 25.Qf4 Qg5 26.Qc7 Qd8 27.Qd6 Rg7 28.Qf4 Rg6
29.Rbg3 Qf8 30.Rxg6 fxg6 31.Qc7 Qc8 32.Qd6 Qe8 33.Bc4 Kg7 34.Re3 Kf7 35.
Qc7 Kf6 36.h4 h5 37.Bb3 Qc8 38.Qf4 Ra8 39.Qe5+ Kf7 40.Bc4 Rb8 41.Rb3 Ra8 
42.Qf4 Rb8 43.f3 Kg7 44.Qe5+ Kf7 45.g4 hxg4 46.fxg4 Qh8 47.Qd6 Qd8 48.
Bxe6+ 1-0

[Event "7th Banja Luka it"]
[Site "Banja Luka YUG"]
[Date "1987.04.23"]
[Round "11"]
[White "Sibarevic, Milenko"]
[Black "Matulovic, Milan"]
[Result "1/2-1/2"]
[WhiteElo "2405"]
[BlackElo "2485"]
[EventDate "1987.04.11"]
[PlyCount "126"]

1.e4 c5 2.Nf3 Nc6 3.d4 cxd4 4.Nxd4 Qc7 5.Nc3 e6 6.Be2 a6 7.O-O Nf6 8.Kh1 
Bb4 9.Qd3 O-O 10.Bg5 Qd6 11.Nxc6 Qxd3 12.Ne7+ Bxe7 13.cxd3 d6 14.f4 h6 15.
Bh4 Bd7 16.Bf3 Nd5 17.exd5 Bxh4 18.dxe6 fxe6 19.g3 Bf6 20.Rad1 Bxc3 21.
bxc3 d5 22.c4 Bc6 23.Rfe1 dxc4 24.Bxc6 bxc6 25.dxc4 Rfd8 26.Rxd8+ Rxd8 27.
Rxe6 Rd2 28.a3 Ra2 29.Rxc6 a5 30.Ra6 Rxa3 31.Kg2 Rc3 32.Rxa5 Rxc4 33.h4 
Kf7 34.h5 Rb4 35.Kf3 Rb3+ 36.Kg4 Rc3 37.Rf5+ Ke6 38.Rf8 Ke7 39.Rb8 Kf7 40.
Rb6 Ra3 41.Kh4 Rf3 42.Rb4 Rf1 43.g4 Rh1+ 44.Kg3 Kf6 45.Rb6+ Kf7 46.Kg2 Ra1
47.Rb7+ Kf6 48.Rd7 Ra3 49.Kf2 Rb3 50.Rd5 Ra3 51.Rf5+ Ke6 52.Re5+ Kf6 53.
Re3 Ra1 54.Rd3 Rb1 55.Rd6+ Ke7 56.Rc6 Rb5 57.Ke3 Kf7 58.Kd4 Rb1 59.g5 hxg5
60.fxg5 Rd1+ 61.Ke5 Re1+ 62.Kf4 Rf1+ 63.Ke3 Re1+ 1/2-1/2

[Event "7th Banja Luka it"]
[Site "Banja Luka YUG"]
[Date "1987.04.23"]
[Round "11"]
[White "Hulak, Krunoslav"]
[Black "Mihaljcisin, Mihajlo"]
[Result "1/2-1/2"]
[WhiteElo "2540"]
[BlackElo "2280"]
[EventDate "1987.04.11"]
[PlyCount "83"]

1.d4 Nf6 2.Nf3 d5 3.Bg5 c5 4.e3 Nc6 5.c3 Ne4 6.Bf4 g6 7.Nbd2 Nxd2 8.Qxd2 
cxd4 9.exd4 Bg7 10.Bb5 O-O 11.O-O Bg4 12.Bxc6 bxc6 13.Ne5 Qc8 14.Bh6 Bf5 
15.Rfe1 c5 16.Bxg7 Kxg7 17.b4 c4 18.a4 f6 19.Nf3 Be4 20.Re3 Rf7 21.Ne1 h5 
22.f3 Bf5 23.g3 Bh3 24.Ng2 Bxg2 25.Kxg2 h4 26.a5 Qd7 27.Rae1 hxg3 28.hxg3 
Rh8 29.Re6 Kf8 30.Qf4 Qc8 31.g4 g5 32.Qg3 a6 33.Rb6 Kg7 34.Rh1 Rxh1 35.
Kxh1 Rf8 36.Kg2 Rh8 37.f4 gxf4 38.Qxf4 Rh4 39.Kg3 Qh8 40.Rb7 Kf7 41.Rxe7+ 
Kxe7 42.Qc7+ 1/2-1/2

[Event "7th Banja Luka it"]
[Site "Banja Luka YUG"]
[Date "1987.04.24"]
[Round "12"]
[White "Skembris, Spyridon"]
[Black "Brkovic, Zoran"]
[Result "1-0"]
[WhiteElo "2400"]
[BlackElo "2350"]
[EventDate "1987.04.11"]
[PlyCount "84"]

1.d4 Nf6 2.c4 g6 3.Nc3 Bg7 4.e4 d6 5.h3 O-O 6.Bg5 c5 7.d5 b5 8.cxb5 a6 9.
Qd2 Re8 10.Bd3 Qb6 11.bxa6 Nxa6 12.Nge2 Nb4 13.Bc4 e6 14.dxe6 Bxe6 15.Bxe6
Rxe6 16.Bxf6 Bxf6 17.O-O Bg7 18.Rad1 c4 19.Nf4 Ree8 20.a3 Nc6 21.Nfd5 Qb7 
22.Qe2 Ne5 23.Nb4 Nc6 24.Qxc4 Nxb4 25.axb4 Rac8 26.Qb3 Rb8 27.Nd5 Rxe4 28.
Rfe1 Rbe8 29.Rxe4 Rxe4 30.Qf3 f5 31.Qb3 Kh8 32.b5 h5 33.b6 h4 34.Nc3 Re8 
35.Qa4 Qe7 36.Nd5 Qe2 37.Nf4 Re4 38.Qa8+ Re8 39.Qd5 Qc2 40.Nxg6+ Kh7 41.
Nxh4 Re5 42.Qxd6 Bf6 1-0

[Event "7th Banja Luka it"]
[Site "Banja Luka YUG"]
[Date "1987.04.24"]
[Round "12"]
[White "Matulovic, Milan"]
[Black "Hulak, Krunoslav"]
[Result "1/2-1/2"]
[WhiteElo "2485"]
[BlackElo "2540"]
[EventDate "1987.04.11"]
[PlyCount "20"]

1.e4 d5 2.exd5 Nf6 3.d4 Nxd5 4.Bc4 Nb6 5.Bb3 Nc6 6.Nf3 Bg4 7.Ng5 Bxd1 8.
Bxf7+ Kd7 9.Be6+ Ke8 10.Bf7+ Kd7 1/2-1/2

[Event "7th Banja Luka it"]
[Site "Banja Luka YUG"]
[Date "1987.04.24"]
[Round "12"]
[White "Veroci-Petronic, Zsuzsa"]
[Black "Gavric, Miladin"]
[Result "1/2-1/2"]
[WhiteElo "2415"]
[BlackElo "2320"]
[EventDate "1987.04.11"]
[PlyCount "85"]

1.e4 e6 2.d4 d5 3.e5 c5 4.c3 Nc6 5.Nf3 Nge7 6.Bd3 cxd4 7.cxd4 Nf5 8.Bxf5 
exf5 9.Nc3 Be6 10.O-O Be7 11.Ne2 g5 12.Bd2 f4 13.Ne1 O-O 14.Bc3 Qd7 15.f3 
Rad8 16.Nd3 Bf5 17.Qd2 f6 18.Rae1 Rfe8 19.Nec1 Qc7 20.Qf2 Qb6 21.Re2 fxe5 
22.Nxe5 Bf6 23.Nxc6 Qxc6 24.Rfe1 Kf7 25.Rxe8 Rxe8 26.Rxe8 Qxe8 27.Qe2 Qa4 
28.Qd2 h5 29.a3 a5 30.Ne2 h4 31.h3 Qc4 32.Nc1 Kg6 33.b3 Qb5 34.a4 Qa6 35.
Bb2 Qd6 36.Nd3 Qc6 37.Bc3 b5 38.Ne5+ Bxe5 39.dxe5 bxa4 40.bxa4 Qc5+ 41.Qd4
Qxd4+ 42.Bxd4 Bc2 43.Bc3 1/2-1/2

[Event "7th Banja Luka it"]
[Site "Banja Luka YUG"]
[Date "1987.04.24"]
[Round "12"]
[White "Raicevic, Vladimir"]
[Black "Wiedenkeller, Michael"]
[Result "1-0"]
[WhiteElo "2455"]
[BlackElo "2460"]
[EventDate "1987.04.11"]
[PlyCount "79"]

1.d4 Nf6 2.c4 g6 3.Nc3 d5 4.Nf3 Bg7 5.cxd5 Nxd5 6.e4 Nxc3 7.bxc3 c5 8.Be3 
Qa5 9.Qd2 Nc6 10.Rb1 cxd4 11.cxd4 O-O 12.Bd3 Rd8 13.Qxa5 Nxa5 14.h3 b6 15.
Ke2 f5 16.Rhc1 fxe4 17.Bxe4 Ba6+ 18.Bd3 Bxd3+ 19.Kxd3 Rac8 20.Rxc8 Rxc8 
21.Rc1 Rxc1 22.Bxc1 b5 23.Ke4 Nc6 24.Bd2 Nd8 25.Kd5 a6 26.Ba5 Nf7 27.Kc6 
Nd6 28.Kb6 Kf7 29.Kxa6 Ke6 30.Bb4 Ne4 31.Kxb5 Nxf2 32.a4 Nd3 33.a5 Kd7 34.
a6 Nxb4 35.Kxb4 Kc6 36.Ka5 e6 37.Ne5+ Kc7 38.Kb5 Bh6 39.Nd7 Be3 40.Nc5 1-0

[Event "7th Banja Luka it"]
[Site "Banja Luka YUG"]
[Date "1987.04.26"]
[Round "13"]
[White "Dzevlan, Miralem"]
[Black "Skembris, Spyridon"]
[Result "1-0"]
[WhiteElo "2330"]
[BlackElo "2400"]
[EventDate "1987.04.11"]
[PlyCount "111"]

1.e4 c6 2.d4 d5 3.Nd2 dxe4 4.Nxe4 Nf6 5.Nxf6+ gxf6 6.c3 Bf5 7.Nf3 Qc7 8.g3
Nd7 9.Bg2 h5 10.Bf4 e5 11.Be3 O-O-O 12.Qa4 a6 13.dxe5 fxe5 14.b4 Bh6 15.
Bxh6 Rxh6 16.O-O Nb6 17.Qb3 Be6 18.Qc2 Rg8 19.Rfe1 f6 20.Nh4 Bd5 21.Bh3+ 
Kb8 22.a4 Nc4 23.b5 cxb5 24.axb5 a5 25.Red1 Rd8 26.Rd3 Rhh8 27.Rad1 Bf7 
28.Rd7 Rxd7 29.Rxd7 Qc8 30.Qe4 Nd6 31.Qd3 Qc5 32.Rxd6 Bc4 33.Qd1 Qxb5 34.
Bf1 Rc8 35.Rd8 Qc5 36.Rxc8+ Kxc8 37.Bxc4 Qxc4 38.Qd2 a4 39.Nf5 Qb3 40.Kg2 
Qb6 41.Ne7+ Kb8 42.Nd5 Qc6 43.Kg1 Qd7 44.c4 h4 45.Qb4 h3 46.Kf1 Qc6 47.Ke1
Qa6 48.Nc3 Qc6 49.Qxa4 Qf3 50.Nb5 Kc8 51.Qa5 Kd7 52.Qc7+ Ke6 53.Qc8+ Ke7 
54.Qc5+ Ke6 55.Qd5+ Qxd5 56.Nc7+ 1-0

[Event "7th Banja Luka it"]
[Site "Banja Luka YUG"]
[Date "1987.04.26"]
[Round "13"]
[White "Gavric, Miladin"]
[Black "Raicevic, Vladimir"]
[Result "1/2-1/2"]
[WhiteElo "2320"]
[BlackElo "2455"]
[EventDate "1987.04.11"]
[PlyCount "27"]

1.e4 e6 2.d4 d5 3.Nd2 c5 4.exd5 exd5 5.Ngf3 a6 6.dxc5 Bxc5 7.Nb3 Bd6 8.Bd3
Nc6 9.O-O Nge7 10.Be3 Bg4 11.Bc5 Bxc5 12.Nxc5 Qb6 13.Nb3 Bh5 14.Be2 
1/2-1/2

[Event "7th Banja Luka it"]
[Site "Banja Luka YUG"]
[Date "1987.04.26"]
[Round "13"]
[White "Hulak, Krunoslav"]
[Black "Filipovic, Branko"]
[Result "1/2-1/2"]
[WhiteElo "2540"]
[BlackElo "2415"]
[EventDate "1987.04.11"]
[PlyCount "24"]

1.Nf3 Nf6 2.g3 g6 3.Bg2 Bg7 4.O-O O-O 5.d3 d6 6.c4 c5 7.Nc3 Nc6 8.a3 a6 9.
Rb1 Rb8 10.b4 cxb4 11.axb4 b5 12.cxb5 axb5 1/2-1/2